<?xml version="1.0" encoding="UTF-8"?>
<marc:record xmlns:marc="http://www.loc.gov/MARC21/slim">
   <marc:leader>00000nam a2200000 a 4500</marc:leader>
   <marc:datafield ind1="1" ind2=" " tag="100">
      <marc:subfield code="a">Wadleigh, Michael</marc:subfield>
   </marc:datafield>
   <marc:datafield ind1="0" ind2="0" tag="245">
      <marc:subfield code="a">woodstock</marc:subfield>
   </marc:datafield>
   <marc:datafield ind1="0" ind2="0" tag="245">
      <marc:subfield code="b">The Director´s Cut</marc:subfield>
   </marc:datafield>
   <marc:datafield ind1=" " ind2="1" tag="264">
      <marc:subfield code="a">Hamburg</marc:subfield>
      <marc:subfield code="b">Warner Home Video</marc:subfield>
      <marc:subfield code="c">1994</marc:subfield>
   </marc:datafield>
   <marc:datafield ind1="1" ind2=" " tag="520">
      <marc:subfield code="a">Die Wiederauferstehung eines der größten Momente des 20. Jahrhunderts. Das bekannteste Rockereignis aller Zeiten. 1969 versammelten sich eine halbe Million Menschen in der Nähe des kleinen Ortes Woodstock, um den bedeutendsten Musikern ihrer Generation zuzuhören. Drei Tage des Friedens, der Musik und der Liebe. Drei Stunden unvergessene Bilder und faszinierende Musik einer Zeit, die heute noch genauso lebendig ist, wie vor zwanzig Jahren. THE WHO "We're Not Gonna Take It",...</marc:subfield>
   </marc:datafield>
   <marc:datafield ind1=" " ind2=" " tag="020">
      <marc:subfield code="a">1921135492</marc:subfield>
      <marc:subfield code="9">1921135492</marc:subfield>
   </marc:datafield>
   <marc:datafield ind1="0" ind2=" " tag="490">
      <marc:subfield code="v">0</marc:subfield>
   </marc:datafield>
   <marc:datafield ind1=" " ind2=" " tag="300">
      <marc:subfield code="a">216 Min.</marc:subfield>
   </marc:datafield>
</marc:record>
